| 000 | 01584naa a2200373 i 4500 | ||
|---|---|---|---|
| 003 | EG-GICUC | ||
| 005 | 20260121101420.0 | ||
| 008 | 251203s1931 us ||||fr|||| 001 0 eng d | ||
| 040 |
_aEG-GiCUC _beng _cEG-GiCUC _dEG-GiCUC _erda |
||
| 041 | 1 | _aeng | |
| 082 | 0 | 4 |
_221 _a341.1 _bPU . E |
| 092 | 0 | 4 | _221 |
| 099 | _aLaw1 11 341.1 PU . E 1931 | ||
| 100 | 1 |
_aPufendorf, Samuel, _d1632-1694, _eAuthor. |
|
| 245 | 1 | 0 |
_aElementorum jurisprudentiae universalis libri duo. _nVolume 2, _pThe translation / _cby Samuel Pufendorf ; The Translation by William Abbott Oldfather. |
| 264 | 3 |
_aNew York : _bOxford University Press, _c1931. |
|
| 264 | 1 |
_aLondon : _bHumphrey Milford, _c1931. |
|
| 300 |
_aVarious paging ; _c24 cm. |
||
| 336 |
_2rda content _atext |
||
| 337 |
_2rda media _aComputer |
||
| 338 |
_2rda carrier _aOnline Resource |
||
| 490 | 0 | _aThe classics of international law. | |
| 500 | _aIncludes index | ||
| 500 | _aTranslated from Latin | ||
| 504 | _aBibliographic references | ||
| 505 | _aVOL. 1. A Photographic Reproduction of the Edition of 1672, with an Introduction by Hans Wehberg, a List of Errats, and a portrait of Pufendorf. VOL. II. A Translation of the Text, by William Abbott Oldfather, with a Translation (by Edwin H. Zeydel) of the Introduction by Hans Wehberg, and an Index. | ||
| 546 | _aText in English | ||
| 650 | 1 | 4 |
_aPublic international law _2qrmak |
| 651 | 1 | _2qrmak | |
| 700 | 1 |
_aOldfather, William Abbott _eTranslator. |
|
| 856 | 4 | 0 | _uhttps://fll.law.cu.edu.eg/fulltext/bks/B11-05278.pdf |
| 905 |
_a75 _eHassnaa |
||
| 942 |
_2ddc _n0 _cBK _e21 |
||
| 999 |
_c48094 _d48094 |
||